00867 2200301 4500001002100000005001500021035002500036007000300061008004100064020002200105040001700127082001200144084001400156090001800170090002200188100002100210245009200231250001100323260003700334300003000371504003400401650002700435700002500462850001200487999002200499990002200521990002200543INLIS00000000002788320200618102941 a0010-051700000000593ta170529s2015 yoi g ind d a978-602-371-106-2 aYOPDYOGbind04223a327 a327 FER d aDEP 327 FER d aCB-D.11 2015-22850 aFeri Fadli Rizki00aDinamika politik luar negeri pada era modern /cFeri Fadli Rizki ; Harrys Pratama Teguh aCet. 13 aYogyakarta :bLeutikaprio,c2015 axiv, 267 halaman ;c19 cm aBibliografi : halaman 265-267 4aHubungan Internasional0 aHarrys Pratama Teguh aYOPDYOG aCB-D.11/2015-2285 aCB-D.11/2015-2285 aCB-D.11/2015-2285